Unemployment in history : economic thought and public policy /

Bibliographic Details
Main Author: Garraty, John A. (John Arthur), 1920-2007
Format: Book
Language:English
Published: New York : Harper & Row, [1978]
Edition:1st ed.
Subjects:

MARC

Tag First Indicator Second Indicator Subfields
LEADER 00000pam a2200000 i 4500
001 in00000374921
005 20151011083417.0
008 770720s1978 nyu b 00110 eng
010 |a  76026227  
020 |a 0060114576 :  |c $15.00 
035 |a (OCoLC)03186678 
035 |9 ABQ2280AM 
040 |a DLC  |c DLC  |d TXA  |d UtOrBLW 
049 |a TXAM  |c [1537157] 
050 0 0 |a HD5706  |b .G33 1978 
082 0 |a 331.1/379 
100 1 |a Garraty, John A.  |q (John Arthur),  |d 1920-2007. 
245 1 0 |a Unemployment in history :  |b economic thought and public policy /  |c by John A. Garraty. 
250 |a 1st ed. 
264 1 |a New York :  |b Harper & Row,  |c [1978] 
264 4 |c ©1978 
300 |a xii, 273 pages ;  |c 25 cm. 
336 |a text  |b txt  |2 rdacontent 
337 |a unmediated  |b n  |2 rdamedia 
338 |a volume  |b nc  |2 rdacarrier 
504 |a Includes bibliographical references and index. 
650 0 |a Unemployed  |x History. 
999 |a MARS 
999 f f |s 21214da4-a3f0-3ce1-aa99-317f2654b359  |i f0aa3289-ad2f-3594-87da-a0c9853976d7  |t 0 
952 f f |p ric  |a Texas A&M University  |b Rellis Campus  |c Joint Library Facility  |d Remote Storage  |t 0  |e HD5706 .G33 1978  |h Library of Congress classification  |i unmediated -- volume  |m A14802680879 
998 f f |a HD5706 .G33 1978  |t 0  |l Remote Storage